| 000 | 00782nas a2200241 4500 | ||
|---|---|---|---|
| 001 | BR9803646 | ||
| 003 | BR-BrBNA | ||
| 005 | 20231205100839.0 | ||
| 007 | ta | ||
| 008 | 230509b bl.|||p| |||| 00| 00por d | ||
| 040 |
_aBR-BrBNA _bpor _cBiblioteca Nacional de Agricultura |
||
| 041 | _a(Pt) | ||
| 072 | _aL53 | ||
| 100 | 1 | _aGennari Filho, O. | |
| 100 | 1 | _aBraga, F.M. de S. | |
| 245 | 1 | _aFecundidade e desova de Astyanax bimaculatus e A. schubarti (Characidae, Tetragonopterinae)na represa de Barra Bonita, Rio Piracicaba (SP) | |
| 650 | _aLambari | ||
| 650 | _aFecundacao Animal | ||
| 650 | _aDesova | ||
| 773 | 0 |
_tRevista Unimar (Brazil) _xISSN 0100-9354 _g(Jun 1996), v. 18(12) p. 241-264 _wBR9803646 |
|
| 909 |
_a202311 _bLúcia _c55 _dLúcia Elande |
||
| 942 |
_2AGRIS _n0 _cANA |
||
| 999 |
_c158417 _d158417 |
||